000 00416nam a2200181Ia 4500
001 2353
005 20260306144800.0
008 260306t2015||||xx |||||||||||||| ||spa||
041 _aESP
082 _a616.89
_bB24
100 _aBarnhill, John W.
_eAUT
245 0 _aDSM-5:
_bcasos clínicos
260 _c2015
300 _a372 páginas :
_c25 cm.
650 _aGEN
654 _aCPS
942 _cLIB
_dJUS
_fJUS
_2ddc
_n
999 _c2353
_d2353